Normal view
MARC view
- Naqvi, Mohsin
Entry Personal Name
001 - CONTROL NUMBER
- control field: 1414
003 - CONTROL NUMBER IDENTIFIER
- control field: NUST
005 - DATE AND TIME OF LATEST TRANSACTION
- control field: 20170525114407.0
008 - FIXED-LENGTH DATA ELEMENTS
- fixed length control field: 170525|| aca||aabn | a|a d
040 ## - CATALOGING SOURCE
- Original cataloging agency: NUST
- Transcribing agency: NUST
100 ## - HEADING--PERSONAL NAME
- Personal name: Naqvi, Mohsin
670 ## - SOURCE DATA FOUND
- Source citation: Work cat.: (NUST)174391: Naqvi, Mohsin, Azab -e- deed /, 2012.
